00585nam a2200169Ia 4500008004100000020002200041082001700063100002200080245005600102250001100158260004200169300000900211365000800220542000800228999001700236952016200253220603s9999 xx 000 0 und d a978-81-8448-668-1 a610.724bFAI aFain James992415 aReading Understanding and Applying Nursing Research a3rd ed aPhiladelphiabF A Davis Companyc2009 a291p bRs. bBSC c56406d56406 00104070aBTINbBTINd2010-02-11eJaypee Brothers Medical Publishersi5499l0o610.724 FAI CD0230pBTIN-CD-230r2022-08-10 00:00:00w2010-02-11yCDzCD0230